000 00672nam a2200265Ia 4500
005 20260121173617.0
008 008 260114s9999 xx 000 0 eng d
020 _a9783319161518
037 _aEBOOK
040 _aCRL
040 _beng
040 _cCRL
041 _2eng
041 _aeng
084 _qCRL
100 _aBrian H. Bornstein Alan J. Tomkins
_91103009
245 0 _aMotivating Cooperation and Compliance with Authority
260 _bSpringer
260 _bSpringer
260 _c2015
856 _uhttps://link.springer.com/openurl?genre=book&isbn=978-3-319-16151-8
942 _cEBOOK
999 _c1668754
_d1668754